00800 2200253 4500001002100000005001700021008004100038035002500079040001200104082001200116084002000128090002000148245017200168260002800340300003700368500004900405650001000454700001900464700001000483700001000493700001600503700001500519850001200534INLIS00000000000179820150209101348.0  a0010-021500000000082 aYOPDYOG a746.662 aNUS 746.662 Sis aNUS 746.662 Sis aSISI Berita : Jakarta, koleksi kain dari seluruh Nusantara [rekaman video]c/ penanggung jawab Mahendra Wisnu ; editor, Syaefullah, Jefri, Indra ; produser Prita Laura aJakartabMetro TVc2013 aDVD : digital, stereo ; 4 3/4 in aProgram Metro TV ; tanggal tayang 30/08/2013 aBatik aMahendra Wisnu aJefri aIndra aPrita Laura aSyaefullah aYOPDYOG